| 000 | 00510nam a22001457a 4500 | ||
|---|---|---|---|
| 082 | _a621.3 | ||
| 100 | _aHayat, Mazhar | ||
| 245 |
_aThroughput Enhancement for Mu-Mimo Wireless Networks by Improving Real Time CSI Employing Compressed Sensing / _cMazhar Hayat |
||
| 260 |
_aIslamabad : _bMCS - NUST, _c2015. |
||
| 300 |
_a66 p. ; _c30cm. |
||
| 650 |
_aElectrical Engineering-MS-Thesis _916073 |
||
| 700 |
_aDr. Imran Rashid _935026 |
||
| 942 |
_2ddc _cTHE |
||
| 999 |
_c541068 _d541068 |
||